Deutsche Städte mit "Neu" - Statistiken

Allgemein
  • Dieses Quiz wurde 230 mal gespielt
  • Das Durchschnittsergebnis liegt bei 9 aus 18
Antwortstatistiken
Bundesland Einwohner Stadt oder Gemeinde % Korrekt
Mecklenburg-Vorpommern 64.390 Neubrandenburg
87%
Niedersachsen 45.325 Neustadt am Rübenberge
80%
Rheinland-Pfalz 53.920 Neustadt an der Weinstraße
80%
Nordrhein-Westfalen 154.712 Neuss
73%
Schleswig-Holstein 79.461 Neumünster
70%
Saarland 47.546 Neunkirchen
62%
Nordrhein-Westfalen 20.228 Neunkirchen-Seelscheid
62%
Bayern 61.780 Neu-Ulm
62%
Rheinland-Pfalz 66.243 Neuwied
48%
Bayern 30.881 Neuburg an der Donau
47%
Mecklenburg-Vorpommern 20.385 Neustrelitz
47%
Bayern 41.255 Neumarkt in der Oberpfalz
41%
Hessen 37.467 Neu-Isenburg
33%
Nordrhein-Westfalen 27.278 Neukirchen-Vluyn
28%
Brandenburg 31.951 Neuruppin
26%
Bayern 20.819 Neufahrn bei Freising
5%
Bayern 23.251 Neusäß
4%
Niedersachsen 22.699 Neu Wulmstorf
3%
Keine übereinstimmenden Quizze gefunden
Verteilung der Resultate
Anzahl Personen mit jedem Resultat
Perzentil nach korrekt beantworteten Fragen
Ihre Resultats-Entwicklung
Sie haben dieses Quiz noch nicht gespielt